[Event "33rd Benasque Open"]
[Site "Benasque ESP"]
[Date "2013.07.07"]
[Round "4.2"]
[White "Ni Hua"]
[Black "Shyam,SM"]
[Result "1-0"]
[WhiteElo "2661"]
[BlackElo "2505"]

1.Nf3 d5 2.g3 Nc6 3.d4 Bg4 4.Bg2 Qd7 5.c3 O-O-O 6.b4 f6 7.Nbd2 h5 8.b5 Nb8
9.Qb3 g5 10.c4 dxc4 11.Nxc4 e5 12.Bb2 Bh3 13.Bxh3 Qxh3 14.Rc1 b6 15.Qc3 Rh7
16.dxe5 Bc5 17.Ba3 Nd7 18.Bxc5 Nxc5 19.exf6 Ne4 20.Qa3 c5 21.bxc6 Ngxf6 22.Nxb6+ axb6
23.c7 Rxc7 24.Qa8+ Kd7 25.Rd1+ Nd6 26.Rxd6+ Kxd6 27.Qxd8+ Nd7 28.Qxg5 Rc5
29.Qf4+ Kc6 30.Kd2 Kb7 31.Qe4+ Ka7 32.Rb1 Nb8 33.Nd4 Qd7 34.Ke1 Na6 35.Qe6 Qxe6
36.Nxe6 Rc2 37.Nf4 Rxa2 38.Nd5 Nc5 39.Nxb6 Ne4 40.Nd5 Rd2 41.Ra1+  1-0

[Event "IsBank TCh-TUR 2013"]
[Site "Denizli TUR"]
[Date "2013.07.07"]
[Round "10.3"]
[White "Khotenashvili,B"]
[Black "Dastan,B"]
[Result "1/2-1/2"]
[WhiteElo "2531"]
[BlackElo "2409"]

1.Nf3 d5 2.g3 Nf6 3.Bg2 c6 4.c4 dxc4 5.O-O Nbd7 6.Qc2 e5 7.Qxc4 Bd6 8.d4 O-O
9.Rd1 Qe7 10.Nc3 Re8 11.Bg5 h6 12.Bxf6 Nxf6 13.dxe5 Bxe5 14.Nxe5 Qxe5 15.Qd4 Qh5
16.Rd2 Bh3 17.Bh1 Bg4 18.Re1 Re7 19.e4 Bf3 20.Bxf3 Qxf3 21.Qe3 Qh5 22.f3 Rae8
23.Kg2 Qa5 24.Red1 Nd5 25.Nxd5 cxd5 26.Rxd5 Qxa2 27.R1d2 Rc7 28.Qf4 Rce7
29.h4 Qc4 30.h5 Qc7 31.Qe3 b6 32.Qb3 Qc6 33.Rc2 Qe6 34.Qb5 Rc8 35.Rcd2 Rec7
36.Qd3 Rc5 37.b4 Rc3 38.Qb1 Qf6 39.Rf5 Qc6 40.Qa2 Qc7 41.Kh3 Rc1 42.Qd5 Rh1+
43.Kg4 Rg1 44.Qe5 Rc1 45.Qxc7 R1xc7 46.b5 Kf8 47.Kf4 Rc5 48.Rd7 Rxf5+ 49.Kxf5 Rc3
50.f4 Rxg3 51.Rxa7 Rb3 52.Ke5 Rxb5+ 53.Kd6 Ra5 54.Rb7 Ra8 55.Rxb6 Rd8+ 56.Ke5 Rd1
57.f5 Rh1 58.Rb8+ Ke7 59.Rb7+ Kf8 60.Ra7 Rd1  1/2-1/2

[Event "St. Pauli Open 2013"]
[Site "Hamburg GER"]
[Date "2013.07.07"]
[Round "2.4"]
[White "Gutman,L"]
[Black "Schmidt,Jad"]
[Result "1-0"]
[WhiteElo "2455"]
[BlackElo "2123"]

1.Nf3 d5 2.g3 Nf6 3.Bg2 c6 4.O-O Bg4 5.d4 Nbd7 6.c4 e6 7.Nc3 Bd6 8.Qb3 Qb6
9.c5 Qxb3 10.axb3 Bc7 11.b4 O-O 12.b5 Bxf3 13.Bxf3 e5 14.e3 a6 15.bxc6 bxc6
16.Bd2 Rfb8 17.Rfb1 a5 18.Bd1 h6 19.f4 e4 20.Na2 Rb7 21.Nc1 Rba7 22.Ra4 Nb8
23.Rba1 Na6 24.Nb3 Nd7 25.Bxa5  1-0

[Event "Commonwealth & RSA Open"]
[Site "Port Elizabeth RSA"]
[Date "2013.07.07"]
[Round "3.4"]
[White "Gupta,Ab"]
[Black "Hercules,B"]
[Result "1-0"]
[WhiteElo "2583"]
[BlackElo "2066"]

1.Nf3 d5 2.g3 Nf6 3.Bg2 e6 4.O-O Be7 5.c4 O-O 6.d4 dxc4 7.Qc2 a6 8.Qxc4 b5
9.Qc2 Bb7 10.Bd2 Bd6 11.a3 Nbd7 12.Ba5 Qb8 13.b4 Rc8 14.Nbd2 e5 15.dxe5 Nxe5
16.Nxe5 Bxg2 17.Kxg2 Bxe5 18.Rac1 Nd7 19.Qf5 Qb7+ 20.Nf3 c5 21.Rfd1 Bd4 22.bxc5 g6
23.Qg4  1-0

[Event "41st TCh-GRE"]
[Site "Rio (Achaia) GRE"]
[Date "2013.07.07"]
[Round "7.1"]
[White "Harikrishna,P"]
[Black "Jakovenko,D"]
[Result "1/2-1/2"]
[WhiteElo "2680"]
[BlackElo "2713"]

1.Nf3 d5 2.g3 Nf6 3.Bg2 e6 4.O-O Be7 5.d3 c5 6.Nc3 Nc6 7.e4 O-O 8.exd5 Nxd5
9.Bd2 b6 10.Nxd5 exd5 11.Re1 Bf6 12.Bc3 d4 13.Bd2 Bb7 14.Bf4 Ne7 15.Be5 Ng6
16.Bxf6 Qxf6 17.Nd2 Bxg2 18.Kxg2 Rae8 19.Qh5 Qc6+ 20.Qf3 Qd7 21.Kg1 Ne5 22.Qg2 f5
23.Nf3 Nxf3+ 24.Qxf3 Re6 25.a3 Rfe8 26.Rxe6 Qxe6 27.b4 Qe2 28.Qd5+ Qe6 29.Qf3 Qe2
30.Qd5+ Qe6 31.Qf3  1/2-1/2

[Event "Polugaevsky Mem 2013"]
[Site "Samara RUS"]
[Date "2013.07.07"]
[Round "6.8"]
[White "Palachev,P"]
[Black "Frolyanov,D"]
[Result "1/2-1/2"]
[WhiteElo "2316"]
[BlackElo "2570"]

1.Nf3 d5 2.g3 c6 3.Bg2 Bg4 4.O-O Nd7 5.d3 Ngf6 6.c4 e6 7.cxd5 exd5 8.Nc3 Bd6
9.Qc2 Bxf3 10.Bxf3 d4 11.Ne4 Nxe4 12.Bxe4 O-O 13.Bd2 Nc5 14.Bf3 Ne6 15.b4 Qe7
16.Qc4 Kh8 17.Rab1 Rab8 18.Rfc1 f5 19.b5 c5 20.b6 a6 21.Bd5 Ng5 22.Bxg5 Qxg5
23.Bf3 Qe7 24.Qd5 Rf6 25.Rc2 f4 26.Kg2 Rg6 27.g4 Rg5 28.Qc4 Re5 29.a4 g6
30.Rh1 Kg7 31.a5 Rf8 32.h3 Rb8 33.Rb2 Rf8 34.Rc2 Rb8 35.Rb2 Rf8 36.Rc2 Ra8  1/2-1/2

[Event "Werner-Ott-Open 2013"]
[Site "Berlin GER"]
[Date "2013.07.08"]
[Round "3.6"]
[White "Brustkern,J"]
[Black "Kirchhof,A"]
[Result "1-0"]
[WhiteElo "2213"]
[BlackElo "2079"]

1.Nf3 d5 2.g3 Nf6 3.Bg2 c6 4.O-O Bg4 5.d3 e6 6.Nbd2 Nbd7 7.h3 Bxf3 8.Bxf3 Bd6
9.e4 O-O 10.Bg2 Nc5 11.f4 dxe4 12.dxe4 e5 13.Kh1 b5 14.f5 a5 15.g4 h6 16.Qe2 Be7
17.Nb3 Na4 18.c4 Qb6 19.Be3 Qa6 20.c5 Rfd8 21.Rg1 b4 22.Qf2 Qd3 23.Bf1 Nxe4
24.Qe1 Qc2 25.Rg2 Nd2 26.Bxd2 Qxb2 27.g5 hxg5 28.Bxg5 Bxg5 29.Rxb2 Nxb2 30.Qxe5 Nd1
31.Qc7 a4 32.Bc4 axb3 33.Qxf7+ Kh8 34.Qh5+ Bh6 35.Bxb3 Nf2+ 36.Kg1 Ne4 37.Re1 Nf6
38.Qf3 Nd5 39.Re6 Nf4 40.Rxh6+ gxh6 41.Qxf4  1-0

[Event "ch-SWE 2013"]
[Site "Orebro SWE"]
[Date "2013.07.08"]
[Round "3.5"]
[White "Grandelius,N"]
[Black "Smith,Ax"]
[Result "1-0"]
[WhiteElo "2573"]
[BlackElo "2461"]

1.Nf3 d5 2.g3 c6 3.Bg2 Bg4 4.c4 e6 5.cxd5 Bxf3 6.Bxf3 cxd5 7.O-O Nf6 8.Nc3 Nc6
9.d3 Be7 10.Bf4 O-O 11.Qa4 Qd7 12.Rfc1 Rfc8 13.Bg2 a6 14.Qd1 b5 15.e4 dxe4
16.dxe4 Qxd1+ 17.Rxd1 e5 18.Be3 Na5 19.Nd5 Nxd5 20.exd5 Bd6 21.b3 Nb7 22.Rac1 Kf8
23.Rc6 Ke7 24.Rdc1 Rcb8 25.f4 Nd8 26.fxe5 Bxe5 27.d6+ Bxd6 28.R6c2 a5 29.Bxa8 Rxa8
30.Bc5 Ne6 31.Bxd6+ Kxd6 32.Rd1+ Ke7 33.Rd5 b4 34.Rb5 Nd4 35.Rb7+ Ke6 36.Rcc7 Nf3+
37.Kf2 Ne5 38.Ra7 Rd8 39.Ra6+ Kf5 40.Rxa5 Rd2+ 41.Ke3 Rxh2 42.Rxf7+ Kg6 43.Rf4 Nd7
44.Rg4+ Kh6 45.Rh4+ Rxh4 46.gxh4 Nf8 47.Kf4 Ne6+ 48.Kg4 Nd4 49.Rc5 Ne2 50.Rc4 Nc3
51.Rxb4 Nxa2 52.Rc4  1-0

[Event "ch-BEL Open 2013"]
[Site "Antwerp BEL"]
[Date "2013.07.09"]
[Round "4.9"]
[White "Van Mechelen,J"]
[Black "Mollekens,R"]
[Result "1-0"]
[WhiteElo "2188"]
[BlackElo "2045"]

1.Nf3 d5 2.g3 c5 3.Bg2 Nc6 4.d4 Nf6 5.O-O cxd4 6.Nxd4 e5 7.Nxc6 bxc6 8.c4 Be7
9.Nc3 e4 10.Qc2 O-O 11.Rd1 Bf5 12.Bg5 Ng4 13.Bxe7 Qxe7 14.e3 dxc4 15.Bxe4 Bxe4
16.Nxe4 Rab8 17.Nd6 Qe5 18.Nxc4 Qh5 19.h4 g5 20.Kg2 gxh4 21.Rh1 Qd5+ 22.e4 Qd4
23.Rxh4 Nxf2 24.Qxf2 Qxc4 25.Rg4+  1-0

[Event "31st Greek Team Cup Final 4"]
[Site "Athens GRE"]
[Date "2013.07.09"]
[Round "2.4"]
[White "Mastrovasilis,A"]
[Black "Pantazopoulos,S"]
[Result "1-0"]
[WhiteElo "2523"]
[BlackElo "2093"]

1.Nf3 d5 2.g3 Nf6 3.Bg2 c6 4.O-O Bf5 5.c4 e6 6.cxd5 exd5 7.d3 Nbd7 8.Nc3 Be7
9.Qc2 O-O 10.e4 Bg6 11.Nh4 d4 12.Nb1 Nc5 13.Nxg6 hxg6 14.Nd2 a5 15.h3 Re8
16.f4 Qb6 17.Nc4 Qa6 18.Bd2 a4 19.Rae1 Rac8 20.g4 Nfd7 21.e5 b5 22.Nd6 Bxd6
23.exd6 Re6 24.Rxe6 Nxe6 25.f5 gxf5 26.gxf5 Nef8 27.Bg5 c5 28.Be7 Nh7 29.Kh1 c4
30.Rg1 Ne5 31.Bd5 Kh8 32.Qg2 Rg8 33.Qg3 Nxd3 34.Bxf7 Qa8+ 35.Rg2 Nc5 36.f6 g6
37.Bxg8 Qxg8 38.Qxg6 Qxg6 39.Rxg6 Nd7 40.f7  1-0

[Event "IsBank TCh-TUR 2013"]
[Site "Denizli TUR"]
[Date "2013.07.09"]
[Round "12.1"]
[White "Miroshnichenko,E"]
[Black "Grachev,B"]
[Result "1/2-1/2"]
[WhiteElo "2620"]
[BlackElo "2683"]

1.Nf3 d5 2.g3 c6 3.Bg2 Bg4 4.O-O Nd7 5.d4 e6 6.Re1 Ngf6 7.Nbd2 Be7 8.e4 O-O
9.c3 dxe4 10.Nxe4 Nxe4 11.Rxe4 Bxf3 12.Bxf3 Bg5 13.Bxg5 Qxg5 14.Qb3 Rab8
15.Re3 Qa5 16.Rae1 Qb6 17.Kg2 Rfd8 18.Qc2 Nf6 19.Re5 Nd7 20.R5e2 Nf6 21.Re5  1/2-1/2

[Event "6th ch-Cent SRB Int 2013"]
[Site "Paracin SRB"]
[Date "2013.07.09"]
[Round "5.9"]
[White "Arsovic,Z"]
[Black "Mista,A"]
[Result "0-1"]
[WhiteElo "2417"]
[BlackElo "2579"]

1.Nf3 d5 2.g3 Nf6 3.Bg2 g6 4.c4 Bg7 5.Qa4+ Qd7 6.Qxd7+ Bxd7 7.cxd5 Nxd5 8.O-O c5
9.Nc3 Bc6 10.d4 cxd4 11.Nxd4 Nxc3 12.bxc3 Bxg2 13.Kxg2 Nd7 14.Rb1 O-O-O 15.Be3 Be5
16.Nf3 Bb8 17.Ng5 Rdf8 18.c4 f5 19.Rb5 Rf6 20.Rfb1 b6 21.c5 Bc7 22.cxb6 axb6
23.f4 h6 24.Nf3 Re6 25.Bd4 Rd8 26.Kf2 Kb7 27.a4 Ka6 28.e3 Rc6 29.R1b2 Rc4
30.R5b4 Rxb4 31.Rxb4 Bd6 32.Rc4 Bc5 33.Ke2 Rg8 34.Ne5 Nxe5 35.Bxe5 Rd8 36.Bc3 Kb7
37.a5 Kc6 38.Ra4 b5 39.Ra1 b4 40.Be5 Kb5 41.h3 Ra8 42.Bc7 Ra7 43.Bb6 Bxb6
44.axb6 Kxb6 45.Rd1 Ra2+ 46.Kd3 Kb5 47.g4 Ra3+ 48.Kd4 Ra6 49.Ke5 fxg4 50.hxg4 b3
51.Rd5+ Kc4 52.Rd7 b2 53.Rb7 Ra5+  0-1

[Event "6th ch-Cent SRB Int 2013"]
[Site "Paracin SRB"]
[Date "2013.07.09"]
[Round "6.40"]
[White "Petrovic,Mari"]
[Black "Todorovic,Radisa J"]
[Result "1/2-1/2"]
[WhiteElo "2104"]
[BlackElo "1960"]

1.Nf3 d5 2.g3 Nf6 3.Bg2 e6 4.c4 c6 5.b3 Nbd7 6.O-O Bd6 7.Bb2 O-O 8.d3 Re8
9.Nc3 e5 10.cxd5 cxd5 11.Nb5 Bb8 12.Rc1 a6 13.Nc3 Nf8 14.Na4 Bd7 15.Nc5 Bc6
16.b4 Qb6 17.a3 Bd6 18.Nd2 Rad8 19.Ndb3 Re7 20.Na5 Be8 21.Qb3 Qa7 22.Na4 Ne6
23.Qd1 Bc7 24.Nc3 Bb6 25.Qe1 Bc7 26.Nd1 Qa8 27.Nb3 b6  1/2-1/2

[Event "Commonwealth & RSA Open"]
[Site "Port Elizabeth RSA"]
[Date "2013.07.09"]
[Round "5.17"]
[White "Mabusela,J"]
[Black "Van De Venter,Waldo"]
[Result "1/2-1/2"]
[WhiteElo "2281"]
[BlackElo "1923"]

1.Nf3 d5 2.g3 c5 3.Bg2 Nc6 4.d4 Nf6 5.O-O e6 6.c4 Bd6 7.cxd5 exd5 8.Nc3 h6
9.Nb5 O-O 10.Nxd6 Qxd6 11.Bf4 Qe7 12.dxc5 Qxc5 13.Rc1 Qb5 14.b3 Re8 15.Re1 Bf5
16.Nd4 Nxd4 17.Qxd4 Rxe2 18.Be5 Re8 19.Bf1 Rxe1 20.Rxe1 Qb6 21.Rc1 Qxd4 22.Bxd4 b6
23.Bg2 Rc8 24.Rxc8+ Bxc8 25.Bxf6 gxf6 26.Bxd5 Kg7 27.Kf1 f5 28.Ke2 Kf6 29.Ke3 Ke7
30.Kd4 f6 31.Bc4 Kd6 32.a3 Bd7 33.b4 a5  1/2-1/2

[Event "Commonwealth & RSA Open"]
[Site "Port Elizabeth RSA"]
[Date "2013.07.09"]
[Round "5.2"]
[White "Tkachiev,V"]
[Black "Barua,D"]
[Result "1/2-1/2"]
[WhiteElo "2649"]
[BlackElo "2431"]

1.Nf3 d5 2.g3 Nf6 3.Bg2 c6 4.O-O Bf5 5.c4 e6 6.cxd5 cxd5 7.d3 Be7 8.Qb3 Qb6
9.Qc2 O-O 10.Nc3 h6 11.e4 Bh7 12.Be3 Qa5 13.a3 Nbd7 14.b4 Qd8 15.Rfd1 a5
16.Rab1 Bd6 17.exd5 Nxd5 18.Nxd5 exd5 19.Qb3 Nf6 20.Bd4 Re8 21.Re1 Bc7 22.Qb2 Bb6
23.Bxf6 Qxf6 24.Qxf6 gxf6 25.Bf1  1/2-1/2

[Event "Commonwealth & RSA Open"]
[Site "Port Elizabeth RSA"]
[Date "2013.07.09"]
[Round "6.13"]
[White "Pon,M"]
[Black "Gluckman,D"]
[Result "1/2-1/2"]
[WhiteElo "1901"]
[BlackElo "2250"]

1.Nf3 d5 2.g3 g6 3.Bg2 Bg7 4.c4 Nf6 5.O-O O-O 6.cxd5 Nxd5 7.Nc3 Nxc3 8.bxc3 c5
9.Qc2 Qc7 10.d3 e5 11.Nd2 Nc6 12.Rb1 b6 13.a4 Rb8 14.Ba3  1/2-1/2

[Event "36th Barbera Open"]
[Site "Barbera del Valles ESP"]
[Date "2013.07.10"]
[Round "7.13"]
[White "Valdes,Le"]
[Black "Cruz Lledo,P"]
[Result "1/2-1/2"]
[WhiteElo "2444"]
[BlackElo "2258"]

1.Nf3 d5 2.g3 c6 3.Bg2 Bg4 4.c4 e6 5.cxd5 exd5 6.O-O Nf6 7.d3 Be7 8.Nc3 O-O
9.h3 Bh5 10.e4 dxe4 11.dxe4 Nbd7 12.Bf4 Nc5 13.g4 Bg6 14.Ne5 Bxe4 15.Nxe4 Nfxe4
16.Qc2 Nf6 17.Rfe1 Nd5 18.Rad1 Ne6 19.Bg3 Bh4 20.Bh2 Qe7 21.Be4 g6 22.Bxd5 cxd5
23.Rxd5 Rad8 24.Red1 Rxd5 25.Rxd5 Rd8 26.Qd3 Rxd5 27.Qxd5 Qb4 28.Nf3 Bf6
29.b3 h6 30.Kg2 Qe7 31.Bg3 Kh7 32.Ne5 Bg5 33.Qf3 Bf6 34.h4 Kg7 35.h5 Ng5
36.Qd5 Qe6 37.Qxe6 Nxe6 38.Nd7 gxh5 39.gxh5 Bd4 40.Kf3 f5 41.Bf4 Ng5+ 42.Ke2 Kf7
43.f3 Bg7 44.Nc5 Ne6 45.Nxe6 Kxe6 46.Kd3 Kd5 47.Be3 a6 48.Bb6 Be5 49.Be3 f4
50.Bd2 b5 51.Ba5 Bd6 52.Bd8 Ke5 53.Bh4 Bc5 54.a4 Kf5 55.axb5 axb5 56.Kc3 Ke5
57.Kd3 Kf5 58.Kc3 Ke5 59.Kd3  1/2-1/2

[Event "6th ch-Cent SRB Int 2013"]
[Site "Paracin SRB"]
[Date "2013.07.10"]
[Round "7.26"]
[White "Ilic,Zo1"]
[Black "Hagesaether,E"]
[Result "0-1"]
[WhiteElo "2291"]
[BlackElo "2210"]

1.Nf3 d5 2.g3 e6 3.Bg2 c6 4.O-O Bd6 5.c4 Nf6 6.b3 e5 7.Bb2 Qe7 8.d3 O-O 9.cxd5 Nxd5
10.Nbd2 f6 11.a3 b6 12.Qc2 Bb7 13.e4 Nc7 14.d4 Nd7 15.Nc4 c5 16.d5 Nb5 17.Nh4 g6
18.Rae1 Nd4 19.Qd3 Ba6 20.a4 Bxc4 21.bxc4 Rf7 22.Bh3 Nf8 23.Bc3 a6 24.f4 Ra7
25.Rf2 Qe8 26.Qd1 b5 27.axb5 axb5 28.cxb5 Nxb5 29.Ba1 c4 30.Kh1 Qa8 31.Bf1 Bb4
32.Rfe2 Bc3 33.Bb2 Bxe1 34.Qxe1 c3 35.Bxc3 Nxc3 36.Qxc3 Rfc7 37.Qd2 Ra1 38.Kg2 Rcc1
39.Rf2 Qa4 40.Bd3 Rg1+ 41.Kh3 Qd7+ 42.f5 g5 43.Nf3 Rgd1 44.Qe2 h5 45.Nd2 g4+
46.Kh4 Re1  0-1

[Event "Commonwealth & RSA Open"]
[Site "Port Elizabeth RSA"]
[Date "2013.07.10"]
[Round "7.10"]
[White "Boikanyo,C"]
[Black "Grover,S"]
[Result "0-1"]
[WhiteElo "1999"]
[BlackElo "2487"]

1.Nf3 d5 2.g3 Nc6 3.d4 Bg4 4.Bg2 e6 5.O-O Bd6 6.Nc3 Nf6 7.Nb5 h6 8.Nxd6+ cxd6
9.Qd3 e5 10.dxe5 dxe5 11.Qb5 Qd7 12.Qc5 Rc8 13.Qa3 e4 14.Nd2 Nd4 15.c3 Nc2
16.Qxa7 Nxa1 17.f3 exf3 18.Nxf3 O-O 19.Bd2 Ra8 20.Qb6 Ra6  0-1

[Event "V4 Int Open ch-SVK 2013"]
[Site "Banska Stiavnica SVK"]
[Date "2013.07.11"]
[Round "6.33"]
[White "Chmielewski,J"]
[Black "Danada,T"]
[Result "1/2-1/2"]
[WhiteElo "1880"]
[BlackElo "2085"]

1.Nf3 d5 2.g3 c6 3.Bg2 Bg4 4.O-O Nd7 5.h3 Bh5 6.d4 e6 7.Bf4 Be7 8.g4 Bg6
9.c4 Ngf6 10.Ne5 Nxe5 11.dxe5 Ne4 12.cxd5 cxd5 13.Nd2 Nxd2 14.Qxd2 O-O 15.Be3 Qd7
16.f4 Rfd8 17.Bd4 Be4 18.e3 Rac8 19.Bxe4 dxe4 20.Qg2 Qa4 21.f5 Bc5 22.Bxc5 Rxc5
23.f6 Rc2 24.Rf2 Rxf2 25.Qxf2 Rd1+ 26.Rxd1 Qxd1+ 27.Qf1 Qd2 28.Qf2 Qd1+ 29.Kg2 g5
30.b3 Kf8 31.Qb2 Qf3+ 32.Kh2 Qxe3 33.Qc2 Qf4+ 34.Kg2 Qf3+ 35.Kh2  1/2-1/2

[Event "FIDE GP Beijing"]
[Site "Beijing CHN"]
[Date "2013.07.11"]
[Round "7.5"]
[White "Grischuk,A"]
[Black "Wang Yue"]
[Result "1-0"]
[WhiteElo "2780"]
[BlackElo "2705"]

1.Nf3 d5 2.g3 Nf6 3.Bg2 c6 4.O-O g6 5.d3 Bg7 6.Nbd2 O-O 7.e4 a5 8.a4 Bg4
9.e5 Nfd7 10.d4 c5 11.h3 Bxf3 12.Nxf3 cxd4 13.e6 fxe6 14.Nxd4 Nc5 15.Re1 Ra6
16.c3 Nbd7 17.Be3 Kh8 18.Nb5 Qc8 19.Rc1 Rd8 20.b4 Ne4 21.c4 axb4 22.cxd5 Nc3
23.Nxc3 bxc3 24.Bd4 Bxd4 25.Qxd4+ e5 26.Qb4 Qc5 27.Qxc5 Nxc5 28.Rxc3 Nd7
29.Re4 Rd6 30.Rc7 b6 31.Re1 Kg7 32.f4 exf4 33.Rxe7+ Kf6 34.Rxh7 fxg3 35.Rc3 Ne5
36.Rxg3 Rc8 37.Rh4 Rc4 38.Rxc4 Nxc4 39.Kf2 g5 40.Rg4 Ne5 41.Rd4 Ng6 42.Kg3 Ke5
43.Rg4 Kf6 44.Rc4 Ne7 45.Rc3 Kg7 46.Rd3 Rh6 47.Kg4 Kf6 48.d6 Rh4+ 49.Kg3 Nf5+
50.Kf3 Nd4+ 51.Kf2 Ne6 52.d7 Ke7 53.Bc6 Nd8 54.Bb5 g4 55.hxg4 Rxg4 56.Rh3 Kd6
57.Rc3 Rb4 58.Ke3 Ke7 59.Rc8 Rxb5 60.axb5 Kxd7 61.Rb8 Kc7 62.Ra8 Ne6 63.Ke4 Kd6
64.Rc8 Nc5+ 65.Kd4 Nb3+ 66.Kc3 Na5 67.Rh8 Kc5 68.Rh5+ Kd6 69.Rg5 Kc7 70.Kd4 Nb3+
71.Kd5 Na5 72.Rg7+ Kc8 73.Kd6 Kb8 74.Rc7 Ka8 75.Rc8+ Kb7 76.Kd7 Ka7 77.Kc7  1-0

[Event "7th LCT 2013"]
[Site "Leiden NED"]
[Date "2013.07.12"]
[Round "1.8"]
[White "Zaragatski,I"]
[Black "Kerkvliet,M"]
[Result "1-0"]
[WhiteElo "2494"]
[BlackElo "2042"]

1.Nf3 d5 2.g3 Nf6 3.Bg2 c5 4.O-O Nc6 5.d4 e6 6.c4 Be7 7.dxc5 Bxc5 8.a3 a5
9.cxd5 Nxd5 10.Qc2 Qe7 11.e4 Nc7 12.e5 h6 13.Nbd2 O-O 14.Ne4 Ba7 15.Bxh6 Nxe5
16.Nxe5 gxh6 17.Nd7 Bxd7 18.Qxc7 Bd4 19.Rad1 Rac8 20.Qd6 Qxd6 21.Nxd6 Bxb2
22.Nxc8 Bxc8 23.a4 e5 24.Rb1 Bd4 25.Bxb7 Bf5 26.Rbc1 Rb8 27.Bd5 Bh3 28.Rb1 Rd8
29.Bg2 Bd7 30.Rfc1 Bxa4 31.Bc6 Bxc6 32.Rxc6 Ra8 33.Rbc1 Kg7 34.Rc8 Ra6 35.R1c6 Ra7
36.R8c7 Ra8 37.Rd7 a4 38.Rdd6 Rb8 39.Ra6 Rb1+ 40.Kg2 Rb2 41.Rxa4 Rxf2+ 42.Kh1 Rf1+
43.Kg2 Rf2+ 44.Kh3 Re2 45.Rda6 Rf2 46.Ra2 Rf5 47.Rd6 Bc5 48.Rc6 Bd4 49.Kg4 Rg5+
50.Kf3 h5 51.Ra3 Rf5+ 52.Ke4 Rf2 53.Rf3 Rxf3 54.Kxf3 f5 55.Re6 Bc3 56.Kg2 e4
57.Rc6 Bd2 58.Rd6 Be3 59.Kf1 Bg5 60.h4 Be3 61.Ke2 Bc1 62.Re6 Bb2 63.Ke3 Bc1+
64.Kd4 Bb2+ 65.Kd5 Bc3 66.Rc6 Be1 67.Ke5 Bxg3+ 68.Kxf5 e3 69.Rg6+  1-0

[Event "Werner-Ott-Open 2013"]
[Site "Berlin GER"]
[Date "2013.07.13"]
[Round "8.9"]
[White "Peschke,U"]
[Black "Hahlbohm,M"]
[Result "1/2-1/2"]
[WhiteElo "2025"]
[BlackElo "2093"]

1.Nf3 d5 2.g3 Nd7 3.d4 Ngf6 4.Bg2 c6 5.O-O g6 6.c4 Bg7 7.cxd5 cxd5 8.Nc3 O-O
9.Ne5 e6 10.f4 Qb6 11.e3 a6 12.Nd3 Qa7 13.a4 b6 14.g4 Bb7 15.Ne5 Rad8 16.g5 Ne4
17.Bd2 Nxe5 18.dxe5 Rd7 19.Ne2 Nxd2 20.Qxd2 Rc8 21.Rfc1 Rdc7 22.Rxc7 Rxc7
23.Rc1 Qb8 24.Nd4 Qc8 25.Rxc7 Qxc7 26.Bf1 h6 27.h4 h5 28.b4 Bf8 29.b5 a5
30.Bd3 Bb4  1/2-1/2

[Event "Minsk Open 2013"]
[Site "Minsk BLR"]
[Date "2013.07.13"]
[Round "1.9"]
[White "Shpakovsky,K"]
[Black "Gorovets,A"]
[Result "0-1"]
[WhiteElo "1853"]
[BlackElo "2481"]

1.Nf3 d5 2.g3 Nc6 3.Bg2 e5 4.d3 Nf6 5.O-O Be7 6.b3 O-O 7.Bb2 e4 8.dxe4 dxe4
9.Nfd2 e3 10.fxe3 Ng4 11.Nc4 Bc5 12.Bxc6 Nxe3 13.Qxd8 Rxd8 14.Nxe3 Bxe3+
15.Kg2 bxc6 16.Nc3 c5  0-1

[Event "8th Nana Aleksandria"]
[Site "Poti GEO"]
[Date "2013.07.13"]
[Round "1.1"]
[White "Pantsulaia,L"]
[Black "Doostkam,P"]
[Result "1-0"]
[WhiteElo "2588"]
[BlackElo "2155"]

1.Nf3 d5 2.g3 g6 3.Bg2 Bg7 4.O-O e5 5.d3 Ne7 6.e4 O-O 7.Nbd2 Nbc6 8.c3 h6
9.a4 Bg4 10.Qc2 d4 11.a5 Qd7 12.cxd4 exd4 13.Qa4 Rad8 14.b4 f5 15.b5 Nb8
16.Nc4 a6 17.Nfe5 Qxb5 18.Qa2 Kh7 19.Ba3  1-0

[Event "ch-BEL Open 2013"]
[Site "Antwerp BEL"]
[Date "2013.07.14"]
[Round "9.9"]
[White "Ghyselen,W"]
[Black "Bomans,A"]
[Result "1/2-1/2"]
[WhiteElo "2103"]
[BlackElo "2204"]

1.Nf3 d5 2.g3 Nf6 3.Bg2 e6 4.O-O Be7 5.d3 O-O 6.Nbd2 b6 7.e4 Bb7 8.Re1 c5
9.e5 Nfd7 10.h4 Qc7 11.Nf1 Nc6 12.Bf4 Nd4 13.N1h2 Nxf3+ 14.Qxf3 Rab8 15.Qg4 Kh8
16.Nf3 d4 17.Ng5 Bxg5 18.hxg5 Rfe8 19.Bxb7 Qxb7 20.f3 g6 21.Kg2 Kg7 22.Qh4 Kf8
23.Qxh7 Ke7 24.Qh1 Rh8 25.Qf1 Rh7 26.Qe2 Rbh8 27.g4 Qd5 28.Qe4 Qa8 29.c3 Qxe4
30.Rxe4 Rc8 31.Rc1 Rhh8 32.Bd2 dxc3 33.Rxc3 a5 34.Re1 Nb8 35.Rb3 Nd7 36.Rc1 Ra8
37.f4 Rh4 38.Kf3 Rh2 39.Be3 a4 40.Rb5 a3 41.Bf2 Rh3+ 42.Ke4 axb2 43.Rxb2 Ra4+
44.Rc4 Rxc4+ 45.dxc4 Rc3 46.Be3 Rxc4+ 47.Kd3 Ra4 48.Kc2 Ra3 49.Bd2 Kd8 50.Bc1 Rg3
51.Kb1 Rxg4 52.Rh2 Rg3 53.Rh8+ Ke7 54.Rc8  1/2-1/2

[Event "Styrian Open A 2013"]
[Site "Bad Gleichenberg AUT"]
[Date "2013.07.14"]
[Round "9.7"]
[White "Moser,E"]
[Black "Wukits,R"]
[Result "1/2-1/2"]
[WhiteElo "2446"]
[BlackElo "2269"]

1.Nf3 d5 2.g3 c6 3.Bg2 Bg4 4.c4 e6 5.cxd5 exd5 6.h3 Bxf3 7.Bxf3 Nd7 8.O-O Ngf6
9.d3 Bc5 10.Bg2 O-O 11.Na3 Re8 12.Nc2 a5 13.b3 Re6 14.e3 Re8 15.Kh1 Qb6 16.Rb1 Bf8
17.Bb2 Rad8 18.a3 Qa6 19.Rg1 c5 20.b4 axb4 21.axb4 c4 22.b5 Qa8 23.dxc4 dxc4
24.Qe2 Ne4 25.Bxe4 Rxe4 26.f3 Ree8 27.Qxc4 Nb6 28.Qe2 Qc8 29.g4 h5 30.Nd4 hxg4
31.Rbc1 gxf3 32.Qxf3 Qd7 33.Nf5 g6 34.e4 Qd3 35.Qxd3 Rxd3 36.Rg3 Rxg3 37.Nxg3 Bd6
38.Kg2 Be5  1/2-1/2

[Event "Styrian Open A 2013"]
[Site "Bad Gleichenberg AUT"]
[Date "2013.07.14"]
[Round "9.10"]
[White "Schachinger,M"]
[Black "Hatzl,J"]
[Result "1-0"]
[WhiteElo "2401"]
[BlackElo "2121"]

1.Nf3 d5 2.g3 Nf6 3.Bg2 e6 4.O-O Be7 5.c4 O-O 6.d4 dxc4 7.Qc2 a6 8.a4 c5
9.dxc5 Bxc5 10.Qxc4 Qe7 11.Bg5 Nbd7 12.Nc3 h6 13.Bxf6 Nxf6 14.Rac1 Bd7 15.Ne5 Rac8
16.Qf4 Rb8 17.Rfd1 Rfd8 18.Nxd7 Nxd7 19.Ne4 b6 20.Qc7 Kf8 21.a5 Bb4 22.Rc4 Nf6
23.Rxd8+ Rxd8 24.Nxf6 gxf6 25.axb6 Bd6 26.Qa7 Bc5 27.Qxe7+ Bxe7 28.b7 Bd6
29.Rh4 f5 30.Rxh6 Ke7 31.Rh4 e5 32.Rc4 Rb8 33.Bd5 e4 34.e3 Be5 35.Rc8 Kd7
36.Rxb8 Bxb8 37.Bxf7 Ke7 38.Bc4 a5 39.b3 Kf6 40.h4 Kg6 41.Kg2 Kh5 42.Kh3  1-0

[Event "10th South Wales Int 2013"]
[Site "Penarth WLS"]
[Date "2013.07.14"]
[Round "2.21"]
[White "Wilson,Matthew R"]
[Black "Rodriguez,Juan Talavera"]
[Result "0-1"]
[WhiteElo "1729"]
[BlackElo "1967"]

1.Nf3 d5 2.g3 Nf6 3.Bg2 c6 4.c4 Nbd7 5.d4 e6 6.O-O Be7 7.Bf4 O-O 8.Nbd2 Nh5
9.Be3 f5 10.Ne5 f4 11.Bxf4 Nxf4 12.gxf4 Rxf4 13.Ndf3 Bd6 14.c5 Nxe5 15.Nxe5 Bxe5
16.dxe5 Qg5 17.e3 Rg4 18.Qf3 Bd7 19.Qh3 Rc4 20.f4 Qe7 21.a3 Qxc5 22.b4 Qe7
23.Rfc1 Rxc1+ 24.Rxc1 a5 25.Rb1 axb4 26.Rxb4 b5  0-1

[Event "FSIM July 2013"]
[Site "Budapest HUN"]
[Date "2013.07.15"]
[Round "10.4"]
[White "To,N"]
[Black "Farago,S"]
[Result "1/2-1/2"]
[WhiteElo "2292"]
[BlackElo "2280"]

1.Nf3 d5 2.g3 c5 3.Bg2 Nc6 4.d4 Nf6 5.O-O cxd4 6.Nxd4 Qb6 7.Nxc6 bxc6 8.c4 e6
9.Qa4 Bd7 10.Qc2 Rc8 11.e4 Nxe4 12.Bxe4 dxe4 13.Qxe4 c5 14.Qe5 Qd6 15.Bf4 Qxe5
16.Bxe5 f6 17.Bc3 Bc6 18.Na3 Rb8 19.Rfe1 Kf7 20.Re3 Bd6 21.Rd1 Rhd8 22.Red3 Be7
23.f4 Rxd3 24.Rxd3 a6 25.Kf2 Rd8 26.Rxd8 Bxd8 27.Nb1 Be7 28.Nd2 Bd6 29.Ke3 Be8
30.Ne4  1/2-1/2

[Event "Universiade Women"]
[Site "Kazan RUS"]
[Date "2013.07.15"]
[Round "9.7"]
[White "Rogule,L"]
[Black "Kashlinskaya,A"]
[Result "0-1"]
[WhiteElo "2329"]
[BlackElo "2334"]

1.Nf3 d5 2.g3 Nf6 3.Bg2 c6 4.d3 Bg4 5.Nbd2 Nbd7 6.O-O e5 7.h3 Bh5 8.e4 Bc5
9.Qe1 O-O 10.a4 a5 11.Nb3 Bb4 12.Bd2 Bxd2 13.Nfxd2 Re8 14.Kh1 Bg6 15.Qe2 Nf8
16.Rae1 Bh5 17.Nf3 Ne6 18.exd5 Qxd5 19.Qe3 Bxf3 20.Bxf3 Qd7 21.Bg2 Nd4 22.Na1 Rad8
23.c3 Nf5 24.Qc5 Qxd3 25.Rxe5 Rxe5 26.Qxe5 Re8 27.Qxa5 Nh5 28.Kh2 Nhxg3 29.Re1 Ne2
30.Rxe2 Qd6+ 31.f4 Rxe2 32.Qxf5 g6 33.Qg4 Rxb2 34.Qf3 g5 35.Kg3 gxf4+ 36.Kh2 Qg6
37.c4 Qg3+ 38.Qxg3+ fxg3+ 39.Kxg3 Ra2 40.Nb3 Ra3  0-1

[Event "Lueneburg IM 2013"]
[Site "Lueneburg GER"]
[Date "2013.07.15"]
[Round "1.2"]
[White "Ivanov,MM"]
[Black "Hinrichs,Jan"]
[Result "1-0"]
[WhiteElo "2392"]
[BlackElo "2072"]

1.Nf3 d5 2.g3 e6 3.Bg2 c5 4.c4 Nc6 5.O-O Be7 6.cxd5 exd5 7.d4 Nf6 8.dxc5 O-O
9.a3 Bxc5 10.b4 Be7 11.Nc3 d4 12.Na4 Bf5 13.b5 Na5 14.Nxd4 Be4 15.Bh3 Rc8
16.Bxc8 Qxc8 17.f3 Bd5 18.Bd2 Nc4 19.Qc1 Rd8 20.Bb4 Bxb4 21.axb4 Qh3 22.Rf2 Rd6
23.Qg5 h6 24.Qf5 Be6 25.Qxh3 Bxh3 26.Nc2 g5 27.Nc3  1-0

[Event "Lueneburg Open 2013"]
[Site "Lueneburg GER"]
[Date "2013.07.15"]
[Round "1.8"]
[White "Kuelshammer,M"]
[Black "Ivanov,MM"]
[Result "0-1"]
[WhiteElo "1903"]
[BlackElo "2392"]

1.Nf3 d5 2.g3 Bg4 3.Bg2 Nd7 4.c4 e6 5.b3 Be7 6.Bb2 Bf6 7.Nc3 Ne7 8.O-O c6
9.e3 dxc4 10.bxc4 Ne5 11.Qe2 Qd3 12.Qxd3 Nxd3 13.Ba3 Nc8 14.Rab1 Nb6 15.Ne4 Nxc4
16.Nxf6+ gxf6 17.Bb4 Bxf3 18.Bxf3 Nxb4 19.Rxb4 Nxd2  0-1